000 00384nam a22001457a 4500
005 20170720150103.0
008 170720b xxu||||| |||| 00| 0 eng d
040 _cPK-LaUMT
082 _aZIAC 297
_bMAN-W
100 _aManzoor Naomani , Muhammad
245 _aWhat Islam is?
_cMuhammad Manzoor Naoman
260 _aIslamabad:
_bDawah academy,
_c1993
300 _a134 p.
942 _cBK
999 _c95420
_d95420